[Event "Jyri Vetemaa memorial"]
[Site "?"]
[Date "2004.??.??"]
[Round "?"]
[White "Porrasmaa, Timo"]
[Black "Kirschbaum, Gunnar"]
[Result "0-1"]
[WhiteElo "2224"]
[BlackElo "2200"]
[PlyCount "102"]
[EventDate "2004.??.??"]

1. d4 g6 2. e4 Bg7 3. Nc3 d6 4. Be3 c6 5. Nf3 b5 6. a3 a6 7. Qd2 Nd7 8. Be2 Bb7
9. O-O h6 10. Rad1 e6 11. Bf4 e5 12. Bg3 Ne7 13. Rfe1 Qc7 14. h4 Rd8 15. dxe5
dxe5 16. Qe3 O-O 17. Nh2 Bc8 18. Kh1 Kh7 19. h5 Ng8 20. f4 exf4 21. Bxf4 Ne5
22. Qc5 Qe7 23. Qxe7 Nxe7 24. Nf3 Ng4 25. Rxd8 Rxd8 26. hxg6+ Nxg6 27. Bc1 Re8
28. Kg1 Bxc3 29. bxc3 Rxe4 30. Bd3 Rxe1+ 31. Nxe1 Be6 32. Nf3 Bd5 33. Bf4 Kg7
34. Bc7 Kf6 35. Nd2 Ne3 36. Ne4+ Bxe4 37. Bxe4 Nd5 38. Bxd5 cxd5 39. Kf2 Ne5
40. Bb6 Kf5 41. Bc5 Ke4 42. Bd4 Nc4 43. Bc5 f5 44. Bf8 h5 45. Kg3 Ne3 46. Bc5
f4+ 47. Kh3 Nxc2 48. Kh4 Ne3 49. Kxh5 Nxg2 50. Kg4 Ne3+ 51. Kh3 Kf3 0-1

[Event "Jyri Vetemaa memorial"]
[Site "?"]
[Date "2004.??.??"]
[Round "?"]
[White "van de Wynkele, Eric"]
[Black "Lahti, Jouko"]
[Result "0-1"]
[WhiteElo "2053"]
[BlackElo "2000"]
[PlyCount "54"]

1. e4 e5 2. Nf3 Nc6 3. Bc4 Bc5 4. d3 Nf6 5. Nc3 h6 6. h3 d6 7. Na4 Bb6 8. Nxb6
axb6 9. a3 O-O 10. g4 d5 11. exd5 Nxd5 12. g5 h5 13. Nh4 g6 14. Qf3 Be6 15. c3
b5 16. Ba2 Nf4 17. Bxf4 Bxa2 18. Rxa2 exf4 19. d4 Qxg5 20. Ng2 Rae8+ 21. Kd2
Qf5 22. Raa1 Na5 23. Qd1 Qd5 24. Nxf4 Qg5 25. Qf3 Nb3+ 26. Kc2 Nxa1+ 27. Rxa1
Qf5+ 0-1

[Event "Jyri Vetemaa memorial"]
[Site "?"]
[Date "2004.??.??"]
[Round "?"]
[White "Tsiganova, Monika"]
[Black "Walther, Cliff"]
[Result "1-0"]
[WhiteElo "2270"]
[BlackElo "2162"]
[PlyCount "49"]

1. d4 g6 2. c4 e6 3. Nc3 b6 4. e4 Bb7 5. Nf3 d6 6. Bg5 Qc8 7. Be2 Nd7 8. O-O h6
9. Be3 Ne7 10. b4 Bg7 11. Rc1 a6 12. Qb3 Rb8 13. Rfd1 O-O 14. Ne1 Kh7 15. f4 f5
16. e5 dxe5 17. dxe5 c5 18. b5 a5 19. Rd6 Rf7 20. Rcd1 Nxe5 21. fxe5 Bxe5 22.
Rd7 g5 23. Na4 Bc7 24. Bc1 g4 25. Qe3 1-0

[Event "Jyri Vetemaa memorial"]
[Site "?"]
[Date "2004.??.??"]
[Round "?"]
[White "Vulleumier, Alexander"]
[Black "Ernst, Thomas"]
[Result "1/2-1/2"]
[WhiteElo "2224"]
[BlackElo "2464"]
[PlyCount "111"]

1. e4 c5 2. Nf3 d6 3. d4 cxd4 4. Nxd4 Nf6 5. Nc3 a6 6. Be3 e6 7. f3 b5 8. g4 h6
9. Qd2 Bb7 10. O-O-O Nbd7 11. h4 b4 12. Na4 Qa5 13. b3 Rc8 14. Kb1 Nc5 15. Nxc5
dxc5 16. Ne2 Be7 17. Ng3 Rd8 18. Qc1 Rxd1 19. Qxd1 Qc7 20. Qe1 Bd6 21. Rg1 Ke7
22. Qf2 g6 23. Bc4 Kf8 24. Ne2 Kg7 25. Nc1 Bxe4 26. fxe4 Nxe4 27. Bd4+ cxd4 28.
Qxd4+ Nf6 29. g5 hxg5 30. hxg5 Be5 31. gxf6+ Bxf6 32. Qe4 Rh4 33. Qe1 Qc5 34.
Rg2 Qd4 35. c3 bxc3 36. Kc2 a5 37. Qg1 Qd6 38. Bd3 Qe5 39. Qa7 g5 40. Re2 Qf4
41. Qe3 Qd6 42. Rg2 Qd5 43. Qe2 Qd6 44. Qe3 Kf8 45. Kb1 a4 46. Qf2 Qe5 47. Bc2
axb3 48. axb3 Rf4 49. Qa7 Rf1 50. Rg1 Rxg1 51. Qxg1 Qd5 52. Qh2 Be5 53. Qh6+
Bg7 54. Qh2 Be5 55. Qh6+ Bg7 56. Qh2 1/2-1/2

[Event "Jyri Vetemaa memorial"]
[Site "?"]
[Date "2004.??.??"]
[Round "?"]
[White "Seeman, Tarvo"]
[Black "Lasinskas, Povilas"]
[Result "1-0"]
[WhiteElo "2425"]
[BlackElo "2216"]
[PlyCount "81"]

1. g3 c5 2. Bg2 g6 3. e4 Bg7 4. f4 Nc6 5. d3 e6 6. Nf3 Nge7 7. c3 d5 8. O-O O-O
9. Re1 b6 10. e5 Bb7 11. a4 Qc7 12. Na3 a6 13. Be3 Rfd8 14. Bf2 Rac8 15. g4 Bh6
16. Bg3 Na7 17. Nc2 d4 18. c4 Nac6 19. Qe2 Nb4 20. Nxb4 cxb4 21. Qf2 Bxf3 22.
Qxf3 Qc5 23. Bh4 Rd7 24. Bf6 Nc6 25. h4 b3 26. g5 Bf8 27. Qd1 Na5 28. h5 Rdc7
29. Qg4 Re8 30. Be4 Nxc4 31. dxc4 d3+ 32. Kh1 d2 33. Re2 Qxc4 34. Rd1 Bb4 35.
Kg2 Rd7 36. hxg6 fxg6 37. f5 exf5 38. Bxf5 Rd4 39. Be4 Qc1 40. Re3 Qxb2 41. Qf3
1-0

[Event "Jyri Vetemaa memorial"]
[Site "?"]
[Date "2004.??.??"]
[Round "?"]
[White "Akimov, Ivan"]
[Black "Kanep, Meelis"]
[Result "0-1"]
[WhiteElo "2304"]
[BlackElo "2446"]
[PlyCount "112"]

1. d4 Nf6 2. c4 e5 3. dxe5 Ng4 4. e4 Nxe5 5. f4 Nec6 6. Be3 Bb4+ 7. Nd2 O-O 8.
Ngf3 Re8 9. Bd3 d6 10. O-O Nd7 11. Nb3 Nc5 12. Nxc5 Bxc5 13. Bxc5 dxc5 14. h3
Nb4 15. Be2 Qf6 16. Ne5 Qe7 17. a3 Rd8 18. Qb3 f6 19. axb4 fxe5 20. f5 cxb4 21.
c5+ Kh8 22. Rad1 Qxc5+ 23. Kh1 Rf8 24. Rd5 Qe7 25. Qg3 Bd7 26. Rxe5 Qf6 27. Rd5
Bc6 28. e5 Qe7 29. Rd4 Rae8 30. e6 Rf6 31. Qe5 Ref8 32. Kh2 a6 33. g4 Rh6 34.
Qe3 Rhf6 35. Bd3 h6 36. Qe5 Kg8 37. Bc2 Re8 38. Rfd1 Rff8 39. Bb3 Kh8 40. Kg3
Bb5 41. h4 c5 42. R4d2 c4 43. Bc2 Rc8 44. Qf4 c3 45. bxc3 Rxc3+ 46. Bd3 Rd8 47.
g5 Bxd3 48. Kh2 hxg5 49. hxg5 Kg8 50. Re1 Bxf5 51. Rxd8+ Qxd8 52. e7 Rh3+ 53.
Kg1 Qb6+ 54. Kg2 Qc6+ 55. Kf2 Bg6 56. Qf8+ Kh7 0-1

[Event "Jyri Vetemaa memorial"]
[Site "?"]
[Date "2004.??.??"]
[Round "?"]
[White "Kulaots, Kaido"]
[Black "Jonkman, Harmen"]
[Result "1/2-1/2"]
[WhiteElo "2567"]
[BlackElo "2421"]
[PlyCount "62"]

1. e4 e5 2. Nf3 Nc6 3. Bb5 Nf6 4. O-O Nxe4 5. d4 Nd6 6. Bxc6 dxc6 7. dxe5 Nf5
8. Qxd8+ Kxd8 9. Nc3 Be7 10. h3 h6 11. g3 Bd7 12. b3 Ke8 13. Bb2 h5 14. Ne4 Rd8
15. Rad1 Bc8 16. Kg2 b6 17. Nfg5 c5 18. Rxd8+ Bxd8 19. Re1 Bxg5 20. Nxg5 Bb7+
21. f3 Ke7 22. g4 hxg4 23. hxg4 Nd4 24. c3 Ne6 25. Nxe6 Kxe6 26. Rd1 a5 27. Kg3
g6 28. Bc1 Rc8 29. Bf4 a4 30. c4 Bc6 31. Rd3 axb3 1/2-1/2

[Event "Jyri Vetemaa memorial"]
[Site "?"]
[Date "2004.??.??"]
[Round "?"]
[White "Pirttimaki, Timo"]
[Black "Porrasmaa, Timo"]
[Result "0-1"]
[WhiteElo "2220"]
[BlackElo "2224"]
[PlyCount "40"]

1. e4 Nc6 2. d4 d5 3. Nc3 Nf6 4. e5 Nd7 5. Bb5 e6 6. f4 a6 7. Bxc6 bxc6 8. Nf3
c5 9. f5 cxd4 10. Qxd4 c6 11. fxe6 fxe6 12. Qg4 Nb6 13. O-O Bc5+ 14. Kh1 O-O
15. b4 Be7 16. Bh6 Rf7 17. Nd4 Qf8 18. Rxf7 Qxf7 19. Nxc6 Bf8 20. Bg5 Qc7 0-1

[Event "Jyri Vetemaa memorial"]
[Site "?"]
[Date "2004.??.??"]
[Round "?"]
[White "Lasinskas, Povilas"]
[Black "Bashkite, Viktoria"]
[Result "0-1"]
[WhiteElo "2216"]
[BlackElo "2163"]
[PlyCount "96"]

1. d4 e6 2. c4 d5 3. Nf3 c6 4. g3 dxc4 5. Bg2 c5 6. O-O Nc6 7. Qa4 Bd7 8. Qxc4
cxd4 9. Nxd4 Rc8 10. Nc3 Nf6 11. Rd1 Nxd4 12. Qxd4 Bc5 13. Qd3 Qb6 14. Ne4 Bb5
15. Nxf6+ gxf6 16. Qf3 Ke7 17. b4 Bd4 18. a4 Bc6 19. a5 Bxf3 20. axb6 Bxa1 21.
Bxf3 Rhd8 22. Rf1 axb6 23. Be3 Bd4 24. Bh6 Rc4 25. Rb1 Bc3 26. b5 Bd2 27. Bxd2
Rxd2 28. Bxb7 Rxe2 29. Rb3 Rcc2 30. Rf3 f5 31. h4 h6 32. Kf1 Re5 33. Rb3 Kd6
34. Rd3+ Kc7 35. Ba6 Ree2 36. Rf3 h5 37. Kg1 Re4 38. Kg2 Ra4 39. Kg1 f6 40. Kf1
f4 41. gxf4 Rcc4 42. Rg3 Rxf4 43. Rg7+ Kd6 44. Rb7 Ra2 45. Rxb6+ Ke5 46. Bc8
Rfxf2+ 47. Kg1 Rfc2 48. Rxe6+ Kd5 0-1

[Event "Jyri Vetemaa memorial"]
[Site "?"]
[Date "2004.??.??"]
[Round "?"]
[White "Ovsiannikov, Maxim"]
[Black "Olde, Hendrik"]
[Result "0-1"]
[WhiteElo "2117"]
[BlackElo "2325"]
[PlyCount "50"]

1. c4 e5 2. Nc3 Nc6 3. Nf3 g6 4. d4 exd4 5. Nd5 Bg7 6. Bg5 f6 7. Bf4 d6 8. Nxd4
Nxd4 9. Qxd4 Be6 10. e4 Kf7 11. Qd2 Ne7 12. c5 Re8 13. Bb5 Nxd5 14. Bxe8+ Qxe8
15. exd5 Bxd5+ 16. Be3 Bxg2 17. Rg1 Be4 18. cxd6 Rd8 19. Rc1 Bc6 20. Rg3 Rxd6
21. Qc2 Qe5 22. Kf1 f5 23. Bc5 Re6 24. b4 Qd5 25. Qb3 Qh1+ 0-1

[Event "Jyri Vetemaa memorial"]
[Site "?"]
[Date "2004.??.??"]
[Round "?"]
[White "Ernst, Thomas"]
[Black "Tsiganova, Monika"]
[Result "1-0"]
[WhiteElo "2464"]
[BlackElo "2270"]
[PlyCount "35"]

1. e4 c6 2. d4 d5 3. Nd2 dxe4 4. Nxe4 Nd7 5. Ng5 Ngf6 6. Bd3 e6 7. N1f3 h6 8.
Nxe6 fxe6 9. Bg6+ Ke7 10. O-O Qc7 11. c4 c5 12. Re1 Kd8 13. Rxe6 cxd4 14. Nxd4
Bd6 15. Nf3 Bf4 16. Bxf4 Qxf4 17. Ne5 Rf8 18. g3 1-0

[Event "Jyri Vetemaa memorial"]
[Site "?"]
[Date "2004.??.??"]
[Round "?"]
[White "Lahti, Jouko"]
[Black "Seeman, Tarvo"]
[Result "0-1"]
[WhiteElo "2000"]
[BlackElo "2425"]
[PlyCount "50"]

1. e4 c5 2. Nf3 e6 3. d4 cxd4 4. Nxd4 Nc6 5. Nb3 Nf6 6. Nc3 Bb4 7. Bd3 d5 8.
exd5 Nxd5 9. Bd2 Nxc3 10. bxc3 Be7 11. Qe2 O-O 12. O-O Qc7 13. f4 g6 14. Rae1
b6 15. Rf3 Bb7 16. Rh3 Bf6 17. Qg4 Rad8 18. f5 exf5 19. Bxf5 Ne7 20. Be4 Bxe4
21. Qxe4 Nf5 22. Rf1 Rfe8 23. Qg4 Qd7 24. Rhf3 Bg7 25. Bg5 Nd4 0-1

[Event "Jyri Vetemaa memorial"]
[Site "?"]
[Date "2004.??.??"]
[Round "?"]
[White "Kengis, Edvins"]
[Black "Zjukin, Sergei"]
[Result "1-0"]
[WhiteElo "2562"]
[BlackElo "2390"]
[PlyCount "81"]

1. Nf3 Nf6 2. c4 g6 3. g3 c6 4. b3 Bg7 5. Bb2 d5 6. Bg2 O-O 7. O-O Bf5 8. d3
Qd7 9. Nbd2 Bh3 10. Qc2 Bxg2 11. Kxg2 Ne8 12. b4 Bxb2 13. Qxb2 Qe6 14. e4 dxc4
15. Nxc4 Nd7 16. Nd4 Qf6 17. f4 Nc7 18. Rac1 c5 19. bxc5 Nxc5 20. Ne5 Qd6 21.
Ndf3 Rab8 22. d4 N5e6 23. d5 Nc5 24. Qd4 N7a6 25. Ng4 f6 26. e5 Qd7 27. f5 gxf5
28. e6 Qa4 29. Nh6+ Kh8 30. Rc4 Qxa2+ 31. Rf2 Qb1 32. Rxc5 Nxc5 33. Qxc5 Rfe8
34. Rc2 Rbc8 35. Qxc8 Rxc8 36. Rxc8+ Kg7 37. d6 Qa2+ 38. Kf1 Qxe6 39. Nd4 Qe4
40. Ndxf5+ Kg6 41. Rg8+ 1-0

[Event "Jyri Vetemaa memorial"]
[Site "?"]
[Date "2004.??.??"]
[Round "?"]
[White "Kanep, Meelis"]
[Black "Kulaots, Kaido"]
[Result "1/2-1/2"]
[WhiteElo "2446"]
[BlackElo "2567"]
[PlyCount "21"]

1. e4 c6 2. d4 d5 3. Nd2 dxe4 4. Nxe4 Bf5 5. Ng3 Bg6 6. Nf3 Nd7 7. h4 h6 8. h5
Bh7 9. Bd3 Bxd3 10. Qxd3 Ngf6 11. Bd2 1/2-1/2

[Event "Jyri Vetemaa memorial"]
[Site "?"]
[Date "2004.??.??"]
[Round "?"]
[White "Jonkman, Harmen"]
[Black "Sepp, Olav"]
[Result "0-1"]
[WhiteElo "2421"]
[BlackElo "2452"]
[PlyCount "82"]

1. e4 e5 2. Nf3 Nc6 3. Bb5 Nf6 4. d3 d6 5. c3 g6 6. Nbd2 Bg7 7. O-O O-O 8. Re1
Bd7 9. Ba4 Qe8 10. Bb3 Nh5 11. Nf1 Kh8 12. Ne3 f5 13. Nd5 Rc8 14. d4 f4 15. Bc4
Nd8 16. dxe5 dxe5 17. Be2 c6 18. Nb4 Nf6 19. Nd3 Nf7 20. Nc5 Bg4 21. Nd2 Bxe2
22. Qxe2 Qe7 23. b4 Rcd8 24. a4 g5 25. g4 b6 26. Ncb3 f3 27. Nxf3 Nxg4 28. Nbd2
Ngh6 29. h3 g4 30. hxg4 Nxg4 31. Nf1 Rd6 32. Ng3 Rg6 33. Kg2 Nd8 34. Rh1 Ne6
35. Nh4 Rg5 36. Nhf5 Qf6 37. Nh5 Ne3+ 38. Kf3 Rxf5+ 39. exf5 Qxf5+ 40. Kg3 Qg5+
41. Kh3 Qg2+ 0-1

[Event "Jyri Vetemaa memorial"]
[Site "?"]
[Date "2004.??.??"]
[Round "?"]
[White "van de Wynkele, Eric"]
[Black "Pirttimaki, Timo"]
[Result "1/2-1/2"]
[WhiteElo "2053"]
[BlackElo "2220"]
[PlyCount "71"]

1. Nf3 d6 2. c4 Bg4 3. e4 c5 4. Nc3 Nc6 5. h3 Bh5 6. g4 Bg6 7. Nh4 Nf6 8. Bg2
e6 9. Nxg6 hxg6 10. d3 Be7 11. Bf4 Nd4 12. Nb5 Nxb5 13. Qa4 a6 14. cxb5 Qd7 15.
e5 dxe5 16. Bxe5 O-O 17. O-O axb5 18. Qb3 Nd5 19. a3 b4 20. Bxd5 exd5 21. axb4
cxb4 22. Rfe1 Rxa1 23. Rxa1 Qe6 24. Bd4 g5 25. Kf1 Kh7 26. Re1 Qd7 27. Qc2 Bf6
28. Bc5 Qb5 29. Be3 b3 30. Qe2 Re8 31. d4 Qxe2+ 32. Rxe2 Ra8 33. Re1 Ra2 34.
Rb1 Ra4 35. Rd1 Rc4 36. Ke2 1/2-1/2

[Event "Jyri Vetemaa memorial"]
[Site "?"]
[Date "2004.??.??"]
[Round "?"]
[White "Ovsiannikov, Maxim"]
[Black "Lasinskas, Povilas"]
[Result "1-0"]
[WhiteElo "2117"]
[BlackElo "2216"]
[PlyCount "120"]

1. c4 Nf6 2. Nc3 c5 3. g3 d5 4. cxd5 Nxd5 5. Bg2 Nb4 6. a3 N4c6 7. d3 g6 8. Nf3
Bg7 9. O-O O-O 10. Rb1 Nd4 11. Ne4 Na6 12. Nxd4 cxd4 13. b4 Rb8 14. Qa4 Bd7 15.
b5 Nc7 16. Nc5 a6 17. Bxb7 Bxb5 18. Qa5 Bc6 19. Bf4 e5 20. Bxe5 Qd5 21. Bxc6
Qxe5 22. f4 Qe3+ 23. Kh1 Rxb1 24. Rxb1 Nb5 25. Bxb5 axb5 26. Qe1 h5 27. Ne4 h4
28. Qd2 Qxd2 29. Nxd2 hxg3 30. hxg3 Ra8 31. Ra1 Bf8 32. Nb3 Ra4 33. Kg2 f5 34.
Kf3 Kf7 35. Rc1 Bxa3 36. Rc7+ Kf6 37. Rb7 Rb4 38. Rb6+ Kf7 39. Rb7+ Kf6 40.
Rb6+ Ke7 41. Nc5 Rb1 42. Ne6 Bb2 43. Nc7 Kd7 44. Nxb5 Bc1 45. Rd6+ Ke7 46. Rd5
Bb2 47. Nxd4 Rf1+ 48. Kg2 Ra1 49. Kf2 Rh1 50. Nf3 Ke6 51. Rb5 Bc3 52. Rb6+ Kf7
53. Ne5+ Ke8 54. Rxg6 Bd2 55. Nc4 Rh2+ 56. Kf3 Be1 57. Nd6+ Kd7 58. Nxf5 Rf2+
59. Ke3 Rf1 60. Ke4 Rf2 1-0

[Event "Jyri Vetemaa memorial"]
[Site "?"]
[Date "2004.??.??"]
[Round "?"]
[White "Vulleumier, Alexander"]
[Black "Kirschbaum, Gunnar"]
[Result "1/2-1/2"]
[WhiteElo "2224"]
[BlackElo "2200"]
[PlyCount "35"]

1. e4 d6 2. d4 g6 3. Nc3 Bg7 4. Bg5 Nc6 5. d5 Nb8 6. Qd2 c6 7. O-O-O a6 8. f4
Qa5 9. Nge2 b5 10. Re1 b4 11. Nd1 Nd7 12. Kb1 cxd5 13. Ng3 Rb8 14. Qxd5 Nc5 15.
Bc4 Be6 16. Qc6+ Bd7 17. Qd5 Be6 18. Qc6+ 1/2-1/2

[Event "Jyri Vetemaa memorial"]
[Site "?"]
[Date "2004.??.??"]
[Round "?"]
[White "Tsiganova, Monika"]
[Black "Lahti, Jouko"]
[Result "1-0"]
[WhiteElo "2270"]
[BlackElo "2000"]
[PlyCount "115"]

1. d4 f5 2. c4 g6 3. Nf3 Nf6 4. g3 Bg7 5. Bg2 O-O 6. O-O d6 7. Nc3 Qe8 8. d5
Na6 9. Nd4 Bd7 10. Re1 Ng4 11. e4 Nc5 12. exf5 Bxf5 13. Nxf5 gxf5 14. Qe2 Bd4
15. Nd1 Qg6 16. Bf4 Ne5 17. Qd2 Ned3 18. Rxe7 Bf6 19. Rxc7 Bd8 20. Rxc5 Nxc5
21. Nc3 Ba5 22. Qc2 Rae8 23. Nb5 Rf6 24. Nxa7 Bb6 25. Nb5 Ne4 26. Be3 Bxe3 27.
fxe3 Qg5 28. Re1 Rh6 29. Re2 Qh5 30. Bxe4 Rxe4 31. Nd4 Qg5 32. Ne6 Qe7 33. Qd3
Rf6 34. Kg2 h5 35. Rf2 Re5 36. Rf3 Qf7 37. Qa3 Qe7 38. Rf4 Rh6 39. Qd3 h4 40.
Rxf5 h3+ 41. Kg1 Rf6 42. Rxf6 Qxf6 43. Nf4 Qh6 44. Kf2 Kf7 45. b4 b6 46. a4 Qf6
47. Qh7+ Ke8 48. Qxh3 Re7 49. Qc8+ Kf7 50. Qg4 Qb2+ 51. Kf3 Qc1 52. Qg6+ Kf8
53. Ne6+ Rxe6 54. dxe6 Qf1+ 55. Kg4 Qe2+ 56. Kh3 Qf1+ 57. Kh4 Qxc4+ 58. Kg5 1-0

[Event "Jyri Vetemaa memorial"]
[Site "?"]
[Date "2004.??.??"]
[Round "?"]
[White "Zjukin, Sergei"]
[Black "Bashkite, Viktoria"]
[Result "1-0"]
[WhiteElo "2390"]
[BlackElo "2163"]
[PlyCount "113"]

1. e4 e6 2. d4 d5 3. Nd2 dxe4 4. Nxe4 Nd7 5. Nf3 Be7 6. Bd3 Ngf6 7. Qe2 Nxe4 8.
Bxe4 c5 9. Be3 cxd4 10. Bxd4 Bf6 11. O-O-O Qa5 12. Kb1 Rb8 13. h4 Bxd4 14. Nxd4
Nc5 15. Bf3 O-O 16. Nb3 Nxb3 17. axb3 b6 18. h5 Bb7 19. Bxb7 Rxb7 20. h6 Qf5
21. Rh5 Qg6 22. Rd3 f5 23. f4 Qf6 24. hxg7 Rxg7 25. Rh1 Re8 26. Re1 Qh6 27. g3
Ree7 28. Qe5 Kf7 29. Rde3 Qf6 30. Qd6 Rg6 31. Rc3 Qg7 32. Ree3 Qf6 33. Rc8 Rg8
34. Rc6 Rg6 35. b4 Qg7 36. Ka2 h5 37. Rc8 Qf6 38. Qb8 Kg7 39. Rh8 Qf7 40. Qe5+
Rf6 41. Rd8 Rd7 42. Rd3 Rxd3 43. Rxd3 Qe7 44. c3 Qe8 45. Kb3 Kg6 46. Rd6 Kf7
47. b5 Rg6 48. Rc6 Kg8 49. Rc7 Qd8 50. Ka3 Qf8+ 51. Ka4 Qa8 52. Qd6 a6 53. Qxb6
axb5+ 54. Kxb5 Qd5+ 55. Kb4 Rg7 56. Rxg7+ Kxg7 57. Qd4+ 1-0

[Event "Jyri Vetemaa memorial"]
[Site "?"]
[Date "2004.??.??"]
[Round "?"]
[White "Olde, Hendrik"]
[Black "Ernst, Thomas"]
[Result "0-1"]
[WhiteElo "2325"]
[BlackElo "2464"]
[PlyCount "94"]

1. Nf3 Nf6 2. g3 g6 3. Bg2 Bg7 4. O-O O-O 5. d4 d6 6. b3 e5 7. e3 e4 8. Nfd2
Re8 9. h3 h5 10. Bb2 Bf5 11. c4 Nbd7 12. Nc3 c6 13. Rc1 a6 14. Ba3 Nf8 15. Ne2
Qd7 16. Kh2 N8h7 17. Nf4 Bh6 18. d5 c5 19. Bb2 Bg7 20. Bc3 b5 21. b4 cxb4 22.
Bxb4 a5 23. Bc3 b4 24. Bd4 a4 25. Re1 Rab8 26. c5 dxc5 27. Rxc5 Rec8 28. Ra5 a3
29. Nb3 Ra8 30. Rxa8 Rxa8 31. f3 Ng5 32. Nc5 Qe7 33. Bxf6 Bxf6 34. d6 Qe5 35.
fxe4 Nxe4 36. Qd5 Nxc5 37. Qxa8+ Kg7 38. e4 h4 39. Qd5 hxg3+ 40. Kh1 Bd7 41.
Qd2 Bg5 42. Rf1 b3 43. axb3 Bxf4 44. Rxf4 Nxb3 45. Qe3 a2 46. Rf1 a1=Q 47. Qxb3
Qxf1+ 0-1

[Event "Jyri Vetemaa memorial"]
[Site "?"]
[Date "2004.??.??"]
[Round "?"]
[White "Seeman, Tarvo"]
[Black "Jonkman, Harmen"]
[Result "1/2-1/2"]
[WhiteElo "2425"]
[BlackElo "2421"]
[PlyCount "79"]

1. Nf3 d5 2. g3 c6 3. Bg2 Bg4 4. d3 Nd7 5. O-O Ngf6 6. c4 e6 7. Be3 Bd6 8. Qb3
Qc7 9. Nc3 O-O 10. Rac1 a6 11. a3 Rad8 12. Rfd1 Qb8 13. Qa2 Rfe8 14. b4 h6 15.
Qb3 Bc7 16. a4 Nf8 17. d4 dxc4 18. Qxc4 Nd5 19. Bd2 Nb6 20. Qb3 Bxf3 21. Bxf3
Rxd4 22. b5 Red8 23. Be1 axb5 24. Rxd4 Rxd4 25. axb5 c5 26. Ne4 c4 27. Qe3 Rd8
28. Nc5 Nd5 29. Qe4 Bb6 30. Rxc4 Ng6 31. Nd3 Nge7 32. Bd2 Nf5 33. Bf4 Nxf4 34.
Qxf4 Qxf4 35. Nxf4 Rd1+ 36. Kg2 Nd6 37. Ra4 Rb1 38. Ra8+ Kh7 39. Bxb7 Rxb5 40.
Bc6 1/2-1/2

[Event "Jyri Vetemaa memorial"]
[Site "?"]
[Date "2004.??.??"]
[Round "?"]
[White "Kulaots, Kaido"]
[Black "Kengis, Edvins"]
[Result "1/2-1/2"]
[WhiteElo "2567"]
[BlackElo "2562"]
[PlyCount "31"]

1. d4 Nf6 2. Nf3 e6 3. c4 b6 4. g3 Ba6 5. b3 d5 6. cxd5 Nxd5 7. Bb2 Bb4+ 8.
Nbd2 Nd7 9. a3 Be7 10. b4 O-O 11. e4 Bxf1 12. Kxf1 N5f6 13. Qc2 c5 14. dxc5
bxc5 15. b5 a6 16. bxa6 1/2-1/2

[Event "Jyri Vetemaa memorial"]
[Site "?"]
[Date "2004.??.??"]
[Round "?"]
[White "Lasinskas, Povilas"]
[Black "van de Wynkele, Eric"]
[Result "1-0"]
[WhiteElo "2216"]
[BlackElo "2053"]
[PlyCount "105"]

1. e4 d6 2. d4 Nf6 3. f3 Nbd7 4. Be3 e5 5. c3 c6 6. Nd2 Be7 7. Bd3 h6 8. Ne2
Nf8 9. O-O g5 10. Ng3 Ng6 11. Nf5 Bf8 12. Qc2 Be6 13. b4 Nf4 14. Rfe1 Qc7 15.
Bf1 Bxf5 16. exf5 N6d5 17. dxe5 dxe5 18. Bf2 Bg7 19. g3 Nh5 20. Rab1 O-O 21. c4
Nb6 22. Ne4 Rad8 23. Bc5 Rfe8 24. a4 Nc8 25. a5 Nf6 26. Qf2 b6 27. axb6 axb6
28. Be3 Nxe4 29. fxe4 Bf8 30. c5 bxc5 31. bxc5 f6 32. h4 Rd7 33. hxg5 hxg5 34.
Bc4+ Kh8 35. Kg2 Rh7 36. Ba6 Ree7 37. Rb2 Rd7 38. Reb1 Na7 39. Rb8 Rd8 40. R8b7
Qa5 41. Rxh7+ Kxh7 42. Rb7+ Kh8 43. Kf3 g4+ 44. Kxg4 Bh6 45. Qh2 Rg8+ 46. Kf3
Rxg3+ 47. Kxg3 Qe1+ 48. Bf2 Qd2 49. Rxa7 Qf4+ 50. Kg2 Qxe4+ 51. Kg1 Qg4+ 52.
Qg2 Qd1+ 53. Bf1 1-0

[Event "Jyri Vetemaa memorial"]
[Site "?"]
[Date "2004.??.??"]
[Round "?"]
[White "Lahti, Jouko"]
[Black "Walther, Cliff"]
[Result "1/2-1/2"]
[WhiteElo "2000"]
[BlackElo "2162"]
[PlyCount "48"]

1. e4 c5 2. Nf3 Nc6 3. Bb5 g6 4. O-O Bg7 5. c3 d5 6. Qa4 Qd6 7. e5 Qc7 8. h3 e6
9. Bxc6+ Qxc6 10. Qxc6+ bxc6 11. d3 Ba6 12. Rd1 Ne7 13. Be3 c4 14. dxc4 Bxc4
15. Bc5 Be2 16. Re1 Bxf3 17. gxf3 Nf5 18. Kg2 a5 19. f4 Bh6 20. Kf3 Kd7 21. Na3
Rab8 22. Rab1 Nh4+ 23. Kg3 Nf5+ 24. Kf3 Nh4+ 1/2-1/2

[Event "Jyri Vetemaa memorial"]
[Site "?"]
[Date "2004.??.??"]
[Round "?"]
[White "Kirschbaum, Gunnar"]
[Black "Ovsiannikov, Maxim"]
[Result "1/2-1/2"]
[WhiteElo "2200"]
[BlackElo "2117"]
[PlyCount "78"]

1. d4 Nf6 2. c4 c5 3. d5 e6 4. Nc3 exd5 5. cxd5 Bd6 6. g3 O-O 7. Bg2 Be5 8. Nf3
Bxc3+ 9. bxc3 d6 10. O-O b5 11. a4 Bd7 12. Nh4 Re8 13. Qd3 c4 14. Qd4 Qb6 15.
Qf4 Na6 16. axb5 Nc5 17. Be3 Nh5 18. Qg5 Re5 19. Bxc5 Qxc5 20. Qd2 Bxb5 21. e4
Nf6 22. Ra5 a6 23. Nf5 Qb6 24. Rfa1 Bd7 25. Nd4 Nxe4 26. Bxe4 Rxe4 27. Qa2 Bh3
28. f3 Re3 29. Rxa6 Rxa6 30. Qxa6 Qxa6 31. Rxa6 g6 32. Rxd6 Rxc3 33. Rc6 Rd3
34. Rxc4 Rd2 35. Nc6 Kf8 36. Rd4 Rg2+ 37. Kh1 Rb2 38. Kg1 Rg2+ 39. Kh1 Rb2
1/2-1/2

[Event "Jyri Vetemaa memorial"]
[Site "?"]
[Date "2004.??.??"]
[Round "?"]
[White "Bashkite, Viktoria"]
[Black "Porrasmaa, Timo"]
[Result "0-1"]
[WhiteElo "2163"]
[BlackElo "2224"]
[PlyCount "108"]

1. e4 Nc6 2. Nc3 Nf6 3. d4 d5 4. e5 Nd7 5. Nxd5 Ndb8 6. c4 e6 7. Nc3 Qxd4 8.
Nf3 Qxd1+ 9. Kxd1 b6 10. Nb5 Na6 11. Bd3 Bb7 12. Ke2 O-O-O 13. Bg5 Rd7 14. Be4
Nd4+ 15. Nfxd4 Bxe4 16. f3 Ba8 17. Nxa7+ Kb7 18. Nac6 Nb8 19. Nxb8 Rxd4 20.
Rad1 Rxd1 21. Rxd1 h6 22. Rd8 hxg5 23. Nd7 Rxh2 24. Rxf8 Rxg2+ 25. Kd3 f6 26.
Nxf6 gxf6 27. exf6 Rg3 28. Ke2 g4 29. fxg4 Rxg4 30. Ke3 e5 31. Re8 Rf4 32. Re6
Kb8 33. Re8+ Ka7 34. Re6 Bb7 35. c5 Rf3+ 36. Ke2 bxc5 37. Rxe5 Rxf6 38. Rxc5
Rc6 39. Rxc6 Bxc6 40. Kd3 Kb6 41. Kc4 Ka5 42. Kc5 Bd7 43. b3 Be8 44. a3 Bd7 45.
Kc4 Kb6 46. Kb4 Be6 47. Kc3 Kc5 48. a4 Bd7 49. b4+ Kd5 50. Kb3 Kd4 51. a5 Bb5
52. a6 Bxa6 53. Ka4 c6 54. Ka5 Bb5 0-1

[Event "Jyri Vetemaa memorial"]
[Site "?"]
[Date "2004.??.??"]
[Round "?"]
[White "Tsiganova, Monika"]
[Black "Kulaots, Kaido"]
[Result "0-1"]
[WhiteElo "2270"]
[BlackElo "2567"]
[PlyCount "78"]

1. d4 Nf6 2. c4 e6 3. Nf3 b6 4. e3 Bb7 5. Bd3 c5 6. O-O g6 7. dxc5 bxc5 8. b3
Bg7 9. Bb2 O-O 10. Nc3 d5 11. cxd5 Nxd5 12. Rc1 Qa5 13. Na4 Bxb2 14. Nxb2 Nb4
15. Bb1 Rd8 16. Qe1 Bxf3 17. gxf3 Nd7 18. Qc3 Qa6 19. Rfd1 Nb6 20. Qxc5 Nxa2
21. Bd3 Rxd3 22. Nxd3 Nxc1 23. Nxc1 Nd5 24. Qc4 Qb7 25. Nd3 Rc8 26. Nc5 Qe7 27.
Rc1 Nb6 28. Qb5 Qg5+ 29. Kh1 Qd5 30. Kg2 Qd2 31. Ra1 Nd5 32. Kg3 Qc3 33. Ra5 a6
34. Nxa6 Qe1 35. Ra2 Nxe3 36. Kh3 Nd5 37. Nc5 Nf4+ 38. Kg4 Qe5 39. b4 Qf5+ 0-1

[Event "Jyri Vetemaa memorial"]
[Site "?"]
[Date "2004.??.??"]
[Round "?"]
[White "Jonkman, Harmen"]
[Black "Zjukin, Sergei"]
[Result "1-0"]
[WhiteElo "2421"]
[BlackElo "2390"]
[PlyCount "71"]

1. e4 e5 2. Nf3 Nc6 3. Nc3 Nf6 4. Bb5 Bb4 5. O-O O-O 6. d3 d6 7. Ne2 Ne7 8. c3
Ba5 9. Ng3 Ng6 10. d4 Bb6 11. h3 h6 12. Re1 Be6 13. Be3 c6 14. Bd3 Bc7 15. Qd2
Nh7 16. Rad1 Nh4 17. Nh2 Ng5 18. Qe2 Ng6 19. Bc2 exd4 20. cxd4 Nh7 21. f4 d5
22. e5 f5 23. exf6 Qxf6 24. Qd3 Bf7 25. Ng4 Qd8 26. Nf5 Be8 27. Bd2 Nf6 28.
Nxf6+ Rxf6 29. Bb4 Nxf4 30. Ne7+ Kf7 31. Qh7 Bd7 32. g3 Nxh3+ 33. Kh2 Rf2+ 34.
Kh1 c5 35. Bxc5 Rxc2 36. Qg6+ 1-0

[Event "Jyri Vetemaa memorial"]
[Site "?"]
[Date "2004.??.??"]
[Round "?"]
[White "Kanep, Meelis"]
[Black "Seeman, Tarvo"]
[Result "1-0"]
[WhiteElo "2446"]
[BlackElo "2425"]
[PlyCount "55"]

1. d4 g6 2. e4 Bg7 3. Nc3 c6 4. Nf3 d5 5. h3 Nf6 6. Bd3 dxe4 7. Nxe4 Nxe4 8.
Bxe4 Nd7 9. O-O O-O 10. Re1 Qc7 11. c3 Nf6 12. Bc2 c5 13. Bg5 cxd4 14. Qxd4 Be6
15. Qh4 Rad8 16. Rxe6 fxe6 17. Nd4 Qb6 18. Bb3 Rxd4 19. Qxd4 Qxd4 20. Bxe6+ Kh8
21. cxd4 Ne4 22. Be3 Rd8 23. d5 b6 24. Rc1 Bxb2 25. Rc7 Bf6 26. Rxa7 Nc5 27. g4
g5 28. Rxe7 1-0